Diseño de un sistema de gestión para la prestación del servicio de agua potable, (Registro nro. 2686)

Detalles MARC
000 -LEADER
campo de control de longitud fija 02009nam a22003617a 4500
001 - NÚMERO DE CONTROL
campo de control 42835
003 - IDENTIFICADOR DE NÚMERO DE CONTROL
campo de control gtgccic
005 - FECHA Y HORA DE LA ÚLTIMA TRANSACCIÓN
campo de control 20260227124633.0
007 - CAMPO FIJO DE DESCRIPCIÓN FÍSICA--INFORMACIÓN GENERAL
campo de control de longitud fija ta
008 - DATOS DE LONGITUD FIJA--INFORMACIÓN GENERAL
campo de control de longitud fija 260226b |||||||| |||| 00| 0 spa d
040 ## - FUENTE DE CATALOGACIÓN
Centro catalogador/agencia de origen gtgccic
Lengua de catalogación spa
Centro/agencia transcriptor gtgccic
Normas de descripción rda
084 ## - OTRO NÚMERO DE CLASIFICACIÓN
Número de control del registro de autoridad o número normalizado TPI-17-0130
100 10 - ENTRADA PRINCIPAL--NOMBRE DE PERSONA
Nombre de persona Dora Lucía Hernandez Córdova
Fechas asociadas al nombre Ingeniera Civil
Término indicativo de función/relación autor
245 10 - MENCIÓN DEL TÍTULO
Título Diseño de un sistema de gestión para la prestación del servicio de agua potable,
Resto del título San Bartolomé Milpas Altas, Sacatepéquez /
Mención de responsabilidad, etc. Hernández Córdova, Dora Lucía
264 #1 - PRODUCCIÓN, PUBLICACIÓN, DISTRIBUCIÓN, FABRICACIÓN Y COPYRIGHT
Producción, publicación, distribución, fabricación y copyright Guatemala :
Nombre del de productor, editor, distribuidor, fabricante USAC,
Fecha de producción, publicación, distribución, fabricación o copyright 2017.-
300 ## - DESCRIPCIÓN FÍSICA
Extensión 88 p. :
Otras características físicas il. ;
Dimensiones 28 cm
336 ## - TIPO DE CONTENIDO
Fuente rdacontenido
Término de tipo de contenido Texto
Código de tipo de contenido txt
337 ## - TIPO DE MEDIO
Fuente rdamedio
Nombre/término del tipo de medio sin mediación
Código del tipo de medio n
338 ## - TIPO DE SOPORTE
Fuente rdasoporte
Nombre/término del tipo de soporte volumen
Código del tipo de soporte nc
502 ## - NOTA DE TESIS
Nota de tesis Tesis Postgrado
Tipo de título MAESTRA EN ARTES EN INGENIERÍA PARA EL DESARROLLO MUNICIPAL
Nombre de la institución que otorga el título USAC, Facultad de Ingeniería, Escuela de Postgrado
Año de obtención del título 2017
Identificador de la tesis TPI-17-0130
504 ## - NOTA DE BIBLIOGRAFÍA, ETC.
Nota de bibliografía, etc. Nota Bibliografía pag. 81
505 ## - NOTA DE CONTENIDO CON FORMATO
Título 1. ANTECEDENTES
505 ## - NOTA DE CONTENIDO CON FORMATO
Título 2. MARCO TEÓRICO
505 ## - NOTA DE CONTENIDO CON FORMATO
Título 3. PRESENTACIÓN DE RESULTADOS
505 ## - NOTA DE CONTENIDO CON FORMATO
Título 4. DISCUSIÓN DE RESULTADOS
505 ## - NOTA DE CONTENIDO CON FORMATO
Título 5. SISTEMA DE GESTIÓN PARA LA PRESTACIÓN DEL SERVICIO DE AGUA POTABLE
520 #3 - RESUMEN, ETC.
Sumario, etc. En Guatemala, la gestión pública a nivel local se encuentra a cargo de las municipalidades, y con ello, la prestación de los servicios básicos. La situación de los servicios públicos básicos en los muncipios indica que se ha hecho muy poco para mejorar su prestación, en el caso específico del servicio de agua potable, su complejidad agrava la situación.<br/>El déficit de cobertura, calidad del servicio y subsidio por parte de la municipalidad de San Bartolomé Milpas Altas, para el servicio de agua potable, sugiere la necesidad de un cambio en la administración municipal, que se propone sea la implementación de la nueva gestión pública.
650 ## - PUNTO DE ACCESO ADICIONAL DE MATERIA--TÉRMINO DE MATERIA
Término de materia o nombre geográfico como elemento de entrada AGUA
650 ## - PUNTO DE ACCESO ADICIONAL DE MATERIA--TÉRMINO DE MATERIA
Término de materia o nombre geográfico como elemento de entrada ABASTECIMIENTO DE AGUA
700 ## - ENTRADA AGREGADA--NOMBRE PERSONAL
Nombre de persona MSc. Inga. Ana Victoria Rodríguez
Término indicativo de función/relación asesor
942 ## - ELEMENTOS DE ENTRADA SECUNDARIOS (KOHA)
Fuente de la clasificación o esquema de estantería Clasificación Decimal Dewey
Tipo de ítem Koha TESISPOSTGRADO
945 ## - PROCESAMIENTO DE INFORMACIÓN LOCAL (OCLC)
a amlo
Existencias
Estatus retirado Estado de pérdida Fuente de la clasificación o esquema de estantería Estado de daño No para préstamo Biblioteca de origen Biblioteca actual Fecha de adquisición Número de inventario Total de préstamos Signatura topográfica completa Código de barras Visto por última vez Precio de reemplazo Tipo de ítem Koha Nota pública
    Clasificación Decimal Dewey     CENTRO DE INFORMACIÓN A LA CONSTRUCCIÓN-CICON CENTRO DE INFORMACIÓN A LA CONSTRUCCIÓN-CICON 26/02/2026 P20170130   TPI-17-0130 20170130 26/02/2026 26/02/2026 TESISPOSTGRADO disponible